Kyrgyz Republic : Fifth Review Under the Three-Year Arrangement Under the Poverty Reduction and Growth Facility; Staff Report; Staff Supplement; Staff Statement; Press Release on the Executive Board Discussion; and Statement by the Executive Director for Kyrgyz Republic.

The staff report for the Fifth Review Under the Three-Year Arrangement Under the Poverty Reduction and Growth Facility on the Kyrgyz Republic highlights recent economic developments and performance. The current account deficit continued to widen on account of higher imports driven by strong demand,...

Ful tanımlama

Detaylı Bibliyografya
Müşterek Yazar: International Monetary Fund
Materyal Türü: Dergi
Dil:English
Baskı/Yayın Bilgisi: Washington, D.C. : International Monetary Fund, 2007.
Seri Bilgileri:IMF Staff Country Reports; Country Report ; No. 2007/369
Online Erişim:Full text available on IMF
LEADER 01873cas a2200241 a 4500
001 AALejournalIMF009681
008 230101c9999 xx r poo 0 0eng d
020 |c 5.00 USD 
020 |z 9781451821567 
022 |a 1934-7685 
040 |a BD-DhAAL  |c BD-DhAAL 
110 2 |a International Monetary Fund. 
245 1 0 |a Kyrgyz Republic :   |b Fifth Review Under the Three-Year Arrangement Under the Poverty Reduction and Growth Facility; Staff Report; Staff Supplement; Staff Statement; Press Release on the Executive Board Discussion; and Statement by the Executive Director for Kyrgyz Republic. 
264 1 |a Washington, D.C. :  |b International Monetary Fund,  |c 2007. 
300 |a 1 online resource (77 pages) 
490 1 |a IMF Staff Country Reports 
500 |a <strong>Off-Campus Access:</strong> No User ID or Password Required 
500 |a <strong>On-Campus Access:</strong> No User ID or Password Required 
506 |a Electronic access restricted to authorized BRAC University faculty, staff and students 
520 3 |a The staff report for the Fifth Review Under the Three-Year Arrangement Under the Poverty Reduction and Growth Facility on the Kyrgyz Republic highlights recent economic developments and performance. The current account deficit continued to widen on account of higher imports driven by strong demand, but was more than financed by private capital inflows. Policy discussions focused on the challenges posed by the sharp uptick in inflation in the context of exogenous shocks and global financial turbulence. Continued fiscal restraint is important both for reducing inflation and for enhancing debt sustainability. 
538 |a Mode of access: Internet 
830 0 |a IMF Staff Country Reports; Country Report ;  |v No. 2007/369 
856 4 0 |z Full text available on IMF  |u http://elibrary.imf.org/view/journals/002/2007/369/002.2007.issue-369-en.xml  |z IMF e-Library